000 00971nam a2200265 i 4500
001 77823
003 ES-MaACL
005 20250530063012.0
007 t|
008 041111s2004 sp ||||1| spa d
020 _a84-95011-83-2
080 _a74 Chumy-Chúmez (083.824)
080 _a75 Chumy-Chúmez (083.824)
100 1 _aChumy-Chúmez,
_d1927-2003
_938700
245 1 3 _aEl descreído imaginario
_b: Capilla del Oidor, Alcalá de Henares, del 7 de junio al 18 de julio de 2004 /
_cChumy-Chúmez.
260 _a[Madrid] :
_bFundación Colegio del Rey :
_bFundación de la Universidad de Alcalá,
_c[2004]
300 _a133 p. ;
_c26 cm.
600 1 4 _aChumy-Chúmez-
_vExposiciones.
_938701
655 7 _2tgfbne
_9193628
_aCatálogos de exposiciones
710 2 _aFundación Colegio del Rey.
_94254
710 2 _aFundación de la Universidad de Alcalá.
_94274
852 _aES-MaACL
_jL-28425
_bR.134343
942 _2udc
999 _c77823
_d77823